Family Feud 3 - Statistics

General Stats
  • This quiz has been taken 196 times
  • The average score is 3 of 5
Answer Stats
Hint Answer % Correct
20 Belt
89%
8 Hand
84%
13 Kitchen Utensil
44%
10 Slipper
29%
3 Hanger
15%
No matching quizzes found
Score Distribution
Percent of People with Each Score
Percentile by Number Answered
Your Score History
You have not taken this quiz